Amor e cuba-libre (Record no. 56832)

MARC details
000 -LÍDER
campo de controle de tamanho fixo 00341 a2200157 4500
001 - NÚMERO DE CONTROLE
campo de controle 56832
020 ## - ISBN - INTERNATIONAL STANDARD BOOK NUMBER
ISBN - International Standard Book Number 8532201717
040 ## - FONTE DA CATALOGAÇÃO
Instituição que transcreveu o registro Anchieta - Pituba
100 ## - ENTRADA PRINCIPAL--NOME PESSOAL
Nome pessoal Gomes, Álvaro Cardoso
240 10 - TÍTULO UNIFORME
Título uniforme Amor e cuba-libre
Idioma da obra por
245 10 - TÍTULO
Título Amor e cuba-libre
300 ## - DESCRIÇÃO FÍSICA
Extensão 120
362 0# - DATAS DE PUBLICAÇÃO E/OU DESIGNAÇÃO SEQUENCIAL
Datas de publicação e/ou designação sequencial 1993
650 #4 - ASSUNTO--TERMO TÓPICO
Cabeçalho tópico ou nome geográfico Literatura juvenil
942 ## - ELEMENTOS DE ENTRADA ADICIONADOS (KOHA)
Tipo de material Koha Livros
Holdings
Situação do descarte Situação das perdas Situação física Não pode ser emprestado Biblioteca de origem Biblioteca atual Data de aquisição Total de empréstimos Número de chamada completo Código de barras Data de último acesso Data do preço efetivo Tipo de material Koha Fonte da classificação ou esquema de arquivamento na estante Nota pública
        Colégio Anchieta - Pituba Colégio Anchieta - Pituba 21/11/2023   LJ 028.5 G633a GOM AMO 6509/PIT 21/11/2023 21/11/2023 Livros    
        Novo Tempo - Aureliano São José Novo Tempo - Aureliano São José 12/07/2024     fm241 12/07/2024 12/07/2024 Livros Classificação Decimal de Dewey FD2/EM